Teaching world literature / (Record no. 6990)
[ view plain ]
| 000 -LEADER | |
|---|---|
| fixed length control field | 04199cam a2200385 a 4500 |
| 001 - CONTROL NUMBER | |
| control field | 15562787 |
| 003 - CONTROL NUMBER IDENTIFIER | |
| control field | OSt |
| 005 - DATE AND TIME OF LATEST TRANSACTION | |
| control field | 20140310181921.0 |
| 008 - FIXED-LENGTH DATA ELEMENTS--GENERAL INFORMATION | |
| fixed length control field | 081219s2009 nyu b 001 0 eng |
| 010 ## - LIBRARY OF CONGRESS CONTROL NUMBER | |
| LC control number | 2008054600 |
| 020 ## - INTERNATIONAL STANDARD BOOK NUMBER | |
| International Standard Book Number | 9781603290333 (hardcover : alk. paper) |
| 020 ## - INTERNATIONAL STANDARD BOOK NUMBER | |
| International Standard Book Number | 1603290338 (hardcover : alk. paper) |
| 020 ## - INTERNATIONAL STANDARD BOOK NUMBER | |
| International Standard Book Number | 9781603290340 (pbk. : alk. paper) |
| 020 ## - INTERNATIONAL STANDARD BOOK NUMBER | |
| International Standard Book Number | 1603290346 (pbk. : alk. paper) |
| 035 ## - SYSTEM CONTROL NUMBER | |
| System control number | (OCoLC)ocn289096008 |
| 040 ## - CATALOGING SOURCE | |
| Original cataloging agency | DLC |
| Transcribing agency | DLC |
| Modifying agency | CDX |
| -- | C#P |
| -- | BWX |
| -- | IXA |
| -- | YDXCP |
| -- | BTCTA |
| -- | WTU |
| -- | MNY |
| -- | DLC |
| 050 00 - LIBRARY OF CONGRESS CALL NUMBER | |
| Classification number | PN 59 |
| Item number | .T46 2009 |
| 082 00 - DEWEY DECIMAL CLASSIFICATION NUMBER | |
| Classification number | TR 807.1 |
| Item number | D18 2009 |
| 245 00 - TITLE STATEMENT | |
| Title | Teaching world literature / |
| Statement of responsibility, etc | edited by David Damrosch. |
| 260 ## - PUBLICATION, DISTRIBUTION, ETC. (IMPRINT) | |
| Place of publication, distribution, etc | New York : |
| Name of publisher, distributor, etc | Modern Language Association of America, |
| Date of publication, distribution, etc | 2009. |
| 300 ## - PHYSICAL DESCRIPTION | |
| Extent | 432 p. ; |
| Dimensions | 23 cm. |
| 490 1# - SERIES STATEMENT | |
| Series statement | Modern Language Association of America options for teaching |
| 504 ## - BIBLIOGRAPHY, ETC. NOTE | |
| Bibliography, etc | Includes bibliographical references (p. 403-416) and index. |
| 505 0# - FORMATTED CONTENTS NOTE | |
| Formatted contents note | All the world in the time / David Damrosch -- Issues and definitions. Introduction ; The West and the rest: frames for world literature / Sarah Lawall ; The ethics of world literature: reading others, reading otherwise / Vilashini Cooppan ; Literary world systems / Emily Apter ; What is literature? Reading across cultures / Zhang Longki ; The place of difference in cross-cultural literacy / Anuradha Dingwaney Needham ; Teaching in translation / Lawrence Venuti -- Program strategies. Introduction ; Teaching world literature in a microcosm of the world / Kathleen L. Komar ; Habits of mind: Comparative Literature meets the world / Oscar Kenshur ; The afterlives of the Greeks; or, What is the canon of world literature / Jane O. Newman ; Western voices: western world literature in a learning community / Carol J. Luther ; Pioneering cross-cultural studies and world literature at Illinois / Michael Palencia-Roth ; Cultural encounters in global contexts: world literature as a one-semester general education course / John Burt Forster, Jr. ; World literature and the graduate curriculum / Caroline D. Eckhardt ; "The world's story": teaching literature in the twenty-first century / Collin Meissner and Margaret Doody -- Teaching strategies. Introduction ; Major cultures and minor literatures / David Damrosch ; Conversation in context: a dialogic approach to teaching world literature / Gary Harrison ; Writing in the oral tradition: reflections on the indigenous literatures of Australia, New Zealand, and North America / Elvira Pulitano ; Weaving women into world literature / Margaret R. Higonnet ; Sexuality, literature, and human rights in translation / Joseph A. Massad ; Finding the global in the local: explorations in interdisciplinary team teaching / Marjorie E. Rhine and Jeanne Gillespie ; Beyond lecture and discussion: the world's oldest approaches to literature / Thomas Beebee ; Collaborative assignments for world literature survey courses / Monika Brown |
| 505 0# - FORMATTED CONTENTS NOTE | |
| Formatted contents note | Courses. Introduction ; The adventures of the artist in world literature: a one-semester thematic approach / Carolyn Ayers ; American literature and Islamic time / Wai Chee Dimock ; Worlds of difference? Gay and Lesbian texts across cultures / Nikolai Endres ; Middle Eastern literature: an introduction / Carol Fadda-Conrey ; Cosmos versus empire: teaching the Ramayana in a comparative context / Raymond-Jean Frontain ; Off to join the online circus: the comic heroic journey of world literature / Elizabeth Horan ; Imagining the constructed body: from statues to cyborgs / Ellen Peel ; "Literature that changed the world": designing a world literature course / C.A. Prettiman ; Teaching world masterpieces through religious themes in literature / Eric Sterling ; Ancient and contemporary texts: teaching an introductory course in non-western literatures / Kathryn A. Walterschied. |
| 521 ## - TARGET AUDIENCE NOTE | |
| Target audience note | |
| 541 ## - IMMEDIATE SOURCE OF ACQUISITION NOTE | |
| -- | 1 |
| 562 ## - COPY AND VERSION IDENTIFICATION NOTE | |
| Number of copies | 1 |
| 650 #0 - SUBJECT ADDED ENTRY--TOPICAL TERM | |
| Topical term or geographic name as entry element | Literature |
| General subdivision | Study and teaching. |
| 9 (RLIN) | 1658 |
| 700 1# - ADDED ENTRY--PERSONAL NAME | |
| Personal name | Damrosch, David. |
| 9 (RLIN) | 1659 |
| 830 #0 - SERIES ADDED ENTRY--UNIFORM TITLE | |
| Uniform title | Options for teaching. |
| 9 (RLIN) | 1660 |
| 906 ## - LOCAL DATA ELEMENT F, LDF (RLIN) | |
| a | 7 |
| b | cbc |
| c | orignew |
| d | 1 |
| e | ecip |
| f | 20 |
| g | y-gencatlg |
| 942 ## - ADDED ENTRY ELEMENTS (KOHA) | |
| Source of classification or shelving scheme | Library of Congress Classification |
| Koha item type | |
| Call number prefix | |
| Withdrawn status | Lost status | Source of classification or shelving scheme | Damaged status | Home library | Current library | Shelving location | Date acquired | Total Checkouts | Full call number | Barcode | Date last seen | Date checked out | Copy number | Price effective from | Koha item type |
|---|---|---|---|---|---|---|---|---|---|---|---|---|---|---|---|
| Library of Congress Classification | Luxembourg Library | Luxembourg Library | Teachers Reference Section | 07/18/2013 | 1 | PN 59 .T46 2009 | 17530 | 12/12/2019 | 07/29/2015 | 1 | 07/18/2013 | Books |